Quick Pick: Board Game Slogans Quiz Stats

 Plays Quiz Updated Apr 29, 2017

Support Sporcle.
Go Orange.
Score 0/12 Timer 01:00
0 Plays Today
% Correct
Operation
86.3%
Trivial Pursuit
85.4%
Cluedo
84.3%
Monopoly
84%
Connect Four
83.8%
Risk
78.9%
Cranium
78.3%
Apples to Apples
71.9%
Candyland
71.2%
Pictionary
70.1%
Sorry
63.1%
Taboo
62.1%

Today's Daily Dose

You're not logged in!

Compare scores with friends on all Sporcle quizzes.
OR
Log In
Forgot?

From the Vault

Cereal Slogans

by rlnintendo

If the cereal is turning your milk such strange colors, you have to wonder what it's doing to your insides.
Remove Ads.
Support Sporcle.
Get the best of Sporcle when you Go Orange. This ad-free experience offers more features, more stats, and more fun while also helping to support Sporcle. Thank you for becoming a member.

Show Comments

Extras

Top Quizzes Today


Score Distribution

Your Account Isn't Verified!

In order to create a playlist on Sporcle, you need to verify the email address you used during registration. Go to your Sporcle Settings to finish the process.

Report this User

Report this user for behavior that violates our Community Guidelines.

Details: